FMB state of trade survey (Record no. 107862)
[ view plain ]
| 000 -LEADER | |
|---|---|
| fixed length control field | 01333cad a22002415a 4500 |
| 001 - CONTROL NUMBER | |
| control field | L142307 |
| 008 - FIXED-LENGTH DATA ELEMENTS--GENERAL INFORMATION | |
| fixed length control field | 080204s2007 xxk f 000 0 eng d |
| 035 ## - SYSTEM CONTROL NUMBER | |
| System control number | (Sirsi) u142307 |
| 041 0# - LANGUAGE CODE | |
| Language code of text/sound track or separate title | eng |
| 050 04 - LIBRARY OF CONGRESS CALL NUMBER | |
| Classification number | 338.4569 $2 18 |
| 110 2# - MAIN ENTRY--CORPORATE NAME | |
| Corporate name or jurisdiction name as entry element | Federation of Master Builders |
| 9 (RLIN) | 465 |
| 245 00 - TITLE STATEMENT | |
| Title | FMB state of trade survey |
| Remainder of title | third quarter of 2007 |
| -- | key findings |
| Medium | [electronic resource] |
| 260 ## - PUBLICATION, DISTRIBUTION, ETC. | |
| Place of publication, distribution, etc. | [S.l.] |
| Name of publisher, distributor, etc. | FMB |
| Date of publication, distribution, etc. | 2007 |
| 490 #0 - SERIES STATEMENT | |
| Series statement | FMB State of Trade Survey |
| Volume/sequential designation | Third Quarter 2007 |
| 520 ## - SUMMARY, ETC. | |
| Summary, etc. | Reveals a slight increase in the workload of small and medium sized building firms in the third quarter 2007, when compared to the same period in 2006 and 2005. However, results for different types of work are mixed. The strongest results were for new construction and improvement of industrial and commercial buildings, with relatively weak results for private housing new build. The growth in overall workload was accompanied by an increase in employment, which is likely to continue in the fourth quarter. |
| 521 2# - TARGET AUDIENCE NOTE | |
| Target audience note | Advanced |
| 590 ## - LOCAL NOTE (RLIN) | |
| Local note | KA |
| 650 24 - SUBJECT ADDED ENTRY--TOPICAL TERM | |
| Topical term or geographic name entry element | FEDERATION OF MASTER BUILDERS STATE OF TRADE SURVEY |
| 651 #4 - SUBJECT ADDED ENTRY--GEOGRAPHIC NAME | |
| Geographic name | United Kingdom |
| Chronological subdivision | |
| 690 ## - LOCAL SUBJECT ADDED ENTRY--TOPICAL TERM (OCLC, RLIN) | |
| Topical term or geographic name as entry element | BUILT ENVIRONMENT-CONSTRUCTION MARKET |
| 856 40 - ELECTRONIC LOCATION AND ACCESS | |
| Uniform Resource Identifier | <a href="https://www.fmb.org.uk/publications/sotsurvey/index_2007.asp">https://www.fmb.org.uk/publications/sotsurvey/index_2007.asp</a> |
| Public note | View the item free of charge at www.fmb.org.uk... |
| 942 ## - ADDED ENTRY ELEMENTS (KOHA) | |
| Suppress in OPAC | 0 |
| Withdrawn status | Lost status | Source of classification or shelving scheme | Damaged status | Not for loan | Home library | Current library | Shelving location | Date acquired | Total Checkouts | Full call number | Barcode | Date last seen | Copy number | Price effective from | Koha item type |
|---|---|---|---|---|---|---|---|---|---|---|---|---|---|---|---|
| Dewey Decimal Classification | Virtual | Virtual | Online | 04/02/2008 | ONLINE PUBLICATION | 142307-2001 | 06/08/2019 | 1 | 06/08/2019 | Book |